| 000 | 01159nam a2200301Ia 4500 | ||
|---|---|---|---|
| 001 | ebr10734904 | ||
| 003 | CaPaEBR | ||
| 006 | m o u | ||
| 007 | cr cn||||||||| | ||
| 008 | 130728s2013 sz sb 000 0 eng d | ||
| 020 | _z9789221266556 | ||
| 020 | _z9789221266563 (ebook) | ||
| 040 |
_aCaPaEBR _cCaPaEBR |
||
| 035 | _a(OCoLC)854520691 | ||
| 050 | 1 | 4 |
_aHD5701 _b.G56 2013eb |
| 245 | 0 | 0 |
_aGlobal employment trends _h[electronic resource] . _p2013 : _brecovering from a second jobs dip. |
| 246 | 3 | _aRecovering from a second jobs dip | |
| 260 |
_aGeneva : _bInternational Labour Office, _c2013. |
||
| 300 | _a170 p. | ||
| 504 | _aIncludes bibliographical references. | ||
| 533 |
_aElectronic reproduction. _bPalo Alto, Calif. : _cebrary, _d2013. _nAvailable via World Wide Web. _nAccess may be limited to ebrary affiliated libraries. |
||
| 650 | 0 |
_aLabor market _vStatistics. |
|
| 650 | 0 | _aWork. | |
| 655 | 7 |
_aElectronic books. _2local |
|
| 710 | 2 | _aInternational Labour Office. | |
| 710 | 2 | _aebrary, Inc. | |
| 856 | 4 | 0 |
_uhttp://site.ebrary.com/lib/rucke/Doc?id=10734904 _zAn electronic book accessible through the World Wide Web; click to view |
| 999 |
_c36930 _d36930 |
||